Planomernost', planirovanije, plan Teoretičeskije očerki

Guardado en:
Detalles Bibliográficos
Autor principal: Syroježin, Ivan Michajlovič
Formato: Libro
Lenguaje:ruso
Publicado: Moskva Ekonomika 1986
Edición:1. izd.
Etiquetas: Agregar Etiqueta
Sin Etiquetas, Sea el primero en etiquetar este registro!

MARC

LEADER 00000nam a2200000 4500
001 c034360
005 20250606122834.7
041 0 |a rus 
044 |a RU 
245 1 0 |a Planomernost', planirovanije, plan  |b Teoretičeskije očerki  |c Ivan Michajlovič Syroježin 
250 |a 1. izd. 
264 1 |a Moskva  |b Ekonomika  |c 1986 
300 |a 247 s. 
100 1 |a Syroježin, Ivan Michajlovič